000 00872nam a22002297a 4500
999 _c7958
_d7958
003 AR-CdUCM
008 190321b ||||| |||| 00| 0 spa d
040 _aMUNICIPALIDAD PROVINCIAL DEL CUSCO
_cBIBLIOTECA MUNICIPAL DEL CUSCO
041 _heng
082 _a633.1 /
_bK41
100 _aKent, N. L.
_922489
245 _aTecnología de los Cereales /
260 _aEspaña :
_bAcribia ;
_c1971.
300 _a267 páginas ;
_bTablas, ilustraciones, fotografías
_c21cm
505 _aContenido: Los cereales en el mundo: Producciones -- Los cereales en el mundo: Estructura de los granos de cereales -- Composición química de los cereales -- Los trigos en el mundo...
650 _aCereales
_922490
650 _aTrigo
_94710
650 _aIndustrialización
_91455
700 _aCatalan Calvo, Manuel (traducción)
_922491
942 _2ddc
_cLIBROS
945 _anom